Miraculous ladybug heros + villains vf - Statistiques

Statistiques générales
  • Ce quiz a été pris 242 fois
    47 depuis la dernière actualisation
  • Le résultat moyen est 37 sur 74
Statistiques - réponses
Héros / vilains Réponse % Correct
Marinette (coccinelle) Ladybug
100%
Adrien (chat noir) Chat Noir
86%
Marinette (chat noir) LadyNoire
86%
Marinette (coccinelle + eau) Aquabug
79%
Adrien (chat noir akumatisé) Chat Blanc
79%
Marinette (souris) Multimouse
79%
Chloé (abeille) Queen Bee
79%
Alya (renard) Rena Rouge
79%
Nino (tortue) Carapace
72%
Marinette (coccinelle + espace/vol) Cosmobug
72%
Adrien (coccinelle) Misterbug
72%
Gabriel (papillon S5) Monarque
72%
Gabriel (papillon) Papillon
72%
Zoé (abeille) Vesperia
72%
Gabriel (papillon + paon) Papillombre
69%
Adrien (serpent) Aspik
66%
Marinette (coccinelle + chat noir) BugNoire
66%
Alix (futur + présent) (lapin) Bunnyx
62%
Adrien (chat noir + lapin) Lapin Noir
62%
Nathalie (paon) Mayura
62%
Chloé (abeille akumatisé) Queen wasp
62%
Kim (singe) Roi Singe
62%
Alya (coccinelle) Scarabella
62%
Luka (serpent) Vipérion
62%
Marinette (coccinelle + glace) LadyIce
59%
Max (cheval) Pégase
59%
Juleka (tigre) Tigresse Pourpre
59%
Adrien (chat noir + eau) Aqua Noir
55%
Adrien (chat noir + espace/vol) Astro Chat
55%
Marinette (coccinelle + dragon) Dragonbug
55%
Marinette (coccinelle + abeille) Ladybee
55%
Marinette (coccinelle + cheval) Pégabug
55%
Alya (renard autre version) Rena Furtive
55%
Kagami (dragon) Ryuko
55%
Adrien (chat noir + serpent) Serpent Noir
55%
Marinette univers parallèle = villaine (coccinelle) Toxinelle
55%
Félix (paon) Argos
52%
Adrien (chat noir + glace) Ice Noir
52%
Féi Wu (prodigious) forme final Ladydragon
52%
Chloé (abeille akumatisé) Miracle queen
52%
Marinette (souris + renard) Multirouge
52%
Mylène (souris) Polymouse
52%
Sabrina (chien) Traquemoiselle
52%
Nathaniel (chèvre) Caprikid
48%
Marinette (souris+coccinelle) Multibug
48%
Marinette (souris + chat noir) Multinoire
48%
Gabriel (papillon + catalyste) Papillon Ecarlate
48%
Marinette (coccinelle + cheval + lapin) Pennybug
48%
Rose (cochon) Pigella
48%
Marc (coq) Coq Courage
45%
Jessica (aigle) Eagle
45%
Marinette (coccinelle + papillon) Ladyfly
45%
Rena Rouge (akumatisé) Rena Rage
45%
Félix (chien) Flairmidable
41%
Adrien univers parallèle =villain (chat noir) Griffe Noir
41%
Ivan (bœuf) Minotaurox
41%
Alix présent (chien) Canigirl
38%
Carapace (akumatisé) Carapire
38%
Adrien (chat noir autre version) Patte de velour
38%
Zoé (chat noir) Blaqueminette
34%
Adrien kamokatisé Chat Celeste
31%
Gabriel univers parallèle = héros (papillon) Hesperia
28%
Marinette kamokatisé (heros) Ladybiquity
28%
Gabriel (papillon + paon + chat noir) Ombre Noir
28%
Marinette (coccinelle autre version) Chronobug
17%
Marinette (coccinelle) autre forme Chronobug
17%
Dean Gate (héro américain sans miraculous) Doorman
14%
Olympia Hill (héroïne américaine sans miraculous) Majestia
14%
Gabriel (papillon S5 + coccinelle) Monarchbug
14%
Jessica (héroïne sans miraculous) Sparrow
14%
Mike Rochip (villain/aigle) Miraclonizer
10%
Aeon (héroïne américaine sans miraculous) Uncanny Valley
10%
Alix présent (lapin + chien) Bunnydog
7%
Barbara Keynes (héroïne américaine sans miraculous) Knightowl
3%
Aucun quiz correspondant
Distribution des résultats
% des personnes avec chaque résultat
Percentile par nombre de réponses
Votre historique - résultats
Vous n’avez pas pris ce quiz depuis la dernière actualisation